| 000 | 00553nam a2200193 a 4500 | ||
|---|---|---|---|
| 005 | 20140310183534.0 | ||
| 008 | 110819s19uu xx 00 eng d | ||
| 020 | _a9788185819228 | ||
| 050 |
_aHD 30.37 _b.Ag261 2009 |
||
| 100 | _aAgarwal, N.P. | ||
| 245 |
_aModern business management and strategies / _cN.P. Agarwal; R.K. Tailor. |
||
| 260 |
_aIndia : _bPrateeksha Publications, _c2009. |
||
| 300 |
_a272 p. : _c23 cm. |
||
| 521 | _aBSBA | ||
| 650 |
_aBusiness _xManagement |
||
| 700 | _aTailor, R.K. | ||
| 942 |
_cBK _2lcc _kFOR |
||
| 999 |
_c24687 _d24687 |
||